Catálogo
 En Linea

Intelectuais a brasileira / (Registro nro. 1210)

Detalles MARC
000 -CABECERA
campo de control de longitud fija 01253cam a2200265 a 4500
001 - NÚMERO DE CONTROL
campo de control 000001267
003 - IDENTIFICADOR DEL NÚMERO DE CONTROL
campo de control DO-SdBNP
005 - FECHA Y HORA DE LA ÚLTIMA TRANSACCIÓN
campo de control 20211112135037.0
008 - DATOS DE LONGITUD FIJA--INFORMACIÓN GENERAL
campo de control de longitud fija 010824s2001 bl b 001 0 por
020 ## - NÚMERO INTERNACIONAL ESTÁNDAR DEL LIBRO
Número Internacional Estándar del Libro 8535901132
040 ## - FUENTE DE LA CATALOGACIÓN
Centro catalogador/agencia de origen DO-SdBNP
Centro/agencia transcriptor EYM
Centro/agencia modificador DLC
-- NOC
-- EL
-- DLC
082 #4 - NÚMERO DE LA CLASIFICACIÓN DECIMAL DEWEY
Número de clasificación 305.552
Número de documento/Ítem M619i
Número de edición 22
100 1# - ENTRADA PRINCIPAL--NOMBRE DE PERSONA
Nombre de persona Miceli, Sergio
9 (RLIN) 4304
245 10 - MENCIÓN DE TÍTULO
Título Intelectuais a brasileira /
Mención de responsabilidad, etc. Sergio Miceli.
260 ## - PUBLICACIÓN, DISTRIBUCIÓN, ETC.
Lugar de publicación, distribución, etc. Sao Paulo, SP :
Nombre del editor, distribuidor, etc. Companhia das Letras,
Fecha de publicación, distribución, etc. 2001.
300 ## - DESCRIPCIÓN FÍSICA
Extensión 436 p. ;
Dimensiones 23 cm.
504 ## - NOTA DE BIBLIOGRAFÍA, ETC.
Nota de bibliografía, etc. Incluye referencias bibliográficas e índices.
505 0# - NOTA DE CONTENIDO CON FORMATO
Nota de contenido con formato Análises: Poder, sexo e letras na Republica Velha; Intelectuais e classe dirigente no Brasil (1920-1945); O Conselho Nacional de Educação: "Esboco de analizar de um aparelho de estado (1931-1937) - Artigos: Biografia e cooptacao (o estado actual das Fontes para a historia das elites e politica no Brasil); SPHAN: Refrigerio da cultura oficial; Intellectuais brasileiros - Depoimentos: A construção do trabalho intelectual.
650 #0 - PUNTO DE ACCESO ADICIONAL DE MATERIA--TÉRMINO DE MATERIA
Término de materia o nombre geográfico como elemento de entrada Intelectuales
Subdivisión geográfica Brasil
Subdivisión general Historia
Subdivisión cronológica SIGLO XX
9 (RLIN) 4305
651 #0 - PUNTO DE ACCESO ADICIONAL DE MATERIA--NOMBRE GEOGRÁFICO
Nombre geográfico Brasil
Subdivisión general Vida Intelectual
9 (RLIN) 4306
651 #4 - PUNTO DE ACCESO ADICIONAL DE MATERIA--NOMBRE GEOGRÁFICO
Nombre geográfico Brasil
Subdivisión general Política y gobierno
Subdivisión cronológica Siglo XX
9 (RLIN) 4307
910 ## - DATOS DE OPCIÓN DEL USUARIO (OCLC)
Datos de opción del usuario Catalogación por copia / LC
910 ## - DATOS DE OPCIÓN DEL USUARIO (OCLC)
Datos de opción del usuario WM
942 ## - ELEMENTOS DE PUNTO DE ACCESO ADICIONAL (KOHA)
Fuente del sistema de clasificación o colocación Dewey Decimal Classification
Tipo de ítem Koha Libro
Existencias
Estado de retiro Estado de pérdida Restricciones de uso No para préstamo Código de colección Localización permanente Ubicación/localización actual Ubicación en estantería Fecha de adquisición Número de inventario Total de préstamos Signatura topográfica completa Código de barras Fecha visto por última vez Precio válido a partir de Tipo de ítem Koha
    Préstamo interno   Monografías: Libros y Folletos General General Depósito 17.08.2009 LF1   305.552 M619i 1267-10 25.06.2020 25.06.2020 Préstamo interno

Con tecnología Koha